Archivo expiatorio (Record no. 178754)

MARC details
000 -LEADER
campo de control de longitud fija 01042nam a2200253 4500
001 - NÚMERO DE CONTROL
campo de control 178754
003 - IDENTIFICADOR DE NÚMERO DE CONTROL
campo de control ES-MaACL
005 - FECHA Y HORA DE LA ÚLTIMA TRANSACCIÓN
campo de control 20250911062850.0
008 - DATOS DE LONGITUD FIJA--INFORMACIÓN GENERAL
campo de control de longitud fija 110616s2009 sp |||| | spa d
020 ## - NÚMERO INTERNACIONAL ESTÁNDAR DEL LIBRO
Número Internacional Estándar del Libro 978-84-7522-025-3
080 ## - NÚMERO DE LA CLASIFICACIÓN DECIMAL UNIVERSAL
Número de la Clasificación Decimal Universal 821.134.2(83)-14"19"
100 1# - ENTRADA PRINCIPAL--NOMBRE DE PERSONA
Nombre de persona Hahn, Óscar.
9 (RLIN) 61476
245 10 - MENCIÓN DEL TÍTULO
Título Archivo expiatorio
Resto del título : poesías completas (1961-2009) /
Mención de responsabilidad, etc. Óscar Hahn ; prólogo de Luis García Montero.
260 ## - PUBLICACIÓN, DISTRIBUCIÓN, ETC.
Lugar de publicación, distribución, etc. Madrid :
Nombre del editor, distribuidor, etc. Visor Libros,
Fecha de publicación, distribución, etc. [2009]
300 ## - DESCRIPCIÓN FÍSICA
Extensión 324 p. ;
Dimensiones 20 cm.
490 1# - MENCIÓN DE SERIE
Mención de serie Colección Visor de poesía ;
Designación de volumen o secuencia 684
505 8# - NOTA DE CONTENIDO CON FORMATO
Nota de contenido con formato Contiene: ;
Título Esta rosa negra ;
-- Arte de morir ;
-- Mal de amor ;
-- Estrellas fijas en un cielo blanco ;
-- Versos robados ;
-- Apariciones profanas ;
-- En un abrir y cerrar de ojos ;
-- Pena de vida
700 1# - ENTRADA AGREGADA--NOMBRE PERSONAL
Nombre de persona García Montero, Luis,
Fechas asociadas al nombre 1958-
9 (RLIN) 54978
830 0# - PUNTO DE ACCESO ADICIONAL DE SERIE-TÍTULO UNIFORME
Título uniforme Colección Visor de poesía
Designación de volumen o secuencia 684
9 (RLIN) 177331
852 ## - LOCALIZACIÓN
Ubicación ES-MaACL
Número de control de estantería A-11282
itemnumber 185614
Sublocalización o colección R.145631
Ubicación en estantería Depósito 1
Signatura antigua Olim: N-4286
942 ## - ELEMENTOS DE ENTRADA SECUNDARIOS (KOHA)
Fuente del sistema de clasificación o colocación Clasificación decimal universal
Tipo de ítem Koha Libro impreso
Holdings
Estatus retirado Estado de pérdida Fuente del sistema de clasificación o colocación Estado de daño No para préstamo Biblioteca de origen Biblioteca actual Ubicación en estantería Fecha de adquisición Fuente de adquisición Total de préstamos Signatura topográfica completa Código de barras Visto por última vez Precio de reemplazo Tipo de ítem Koha
    Clasificación decimal universal     Biblioteca del Ateneo de Madrid Biblioteca del Ateneo de Madrid Depósito 1 16/06/2011 Compra   A-11282 1187767 23/02/2023 23/02/2023 Libro impreso